| 000 | 01911nam0a22002651 4500 | ||
|---|---|---|---|
| 001 | rc\910718 | ||
| 005 | 20041129094731.1 | ||
| 035 | _a(NLR Aleph) 006085482 | ||
| 090 |
_a5120592 _c5120592 |
||
| 100 | _a20041129d1983 u |0rusy50 ca | ||
| 101 | 0 | _arus | |
| 102 | _aRU | ||
| 105 | _ay ||||||||| | ||
| 200 | 1 |
_aОбщее и особенное в развитии социального планирования на селе _eТез. докл. _eВсесоюз. науч.-практ. конф. "Пути дальнейшего развития и повышения эффективности социал. планирования в трудовых коллективах, отраслях и регионах" (Москва, нояб. 1983 г.) _f[Сост. Прохоров А.С., Нуркану Н.В. _gРедкол.: Староверов В.И., отв. ред. и др.] |
|
| 210 |
_aМ. _cБ. и. _d1983 |
||
| 215 |
_a60 с. _d20 |
||
| 300 | _aВ надзаг.: АН СССР, Госплан СССР, Госкомтруд СССР, ВЦСПС, ВСНТО, Ин-т социол. исслед. АН СССР, Акад. обществ. наук при ЦК КПСС, Акад. нар. хоз-ва при Совете Министров СССР, Высш. школа при ЦК ВЛКСМ, Сов. социол. ассоциация | ||
| 702 | 1 |
_aПрохоров _bА. С. _4220 |
|
| 702 | 1 |
_aСтароверов _bВ. И. _gВладимир Иванович _4340 |
|
| 712 | 1 | 2 |
_a"Пути дальнейшего развития и повышения эффективности социального планирования в трудовых коллективах, отраслях и регионах", всесоюзная науч.-практ. конф. _f1983 _eМосква |
| 801 | 0 |
_aRU _bNLR _gpsbo |
|
| 801 | 1 |
_aRU _bELAR _2rusmarc |
|
| 852 |
_aNLR _j84-4/17541 |
||
| 942 | _cBOOK | ||
| 980 | _aNB | ||